00480nam a22001337a 4500020001600000082000800016100001600024245010000040260003500140300003200175650005000207700003200257856005700289 qHard Cover. a200 aFahim Ufaq, aA STUDY ON THE EFFECT OF KARACHI HARBOR WATER ON THE INTEGRITY OF PAINT COATINGS /cUfaq Fahim. aKarachi :bPNEC - NUST,c2014. axiii, 49 p. : ill. ;c30cm. aMS- Industrial and Manufacturing Engineering  aSupervisor: Dr. Aqeel Shah. uhttp://10.250.8.41:8080/xmlui/handle/123456789/41231